Zvolen celkový pohled

Zobrazenie: Pohľad na mesto ponad strechy budov. Vľavo v pozadí vidno námestie, stredom ktorého vedie rad listnatých stromov. Vľavo v pozadí medzi budovami vidno Evanjelický kostol sv. Trojice. Za ním je vidno Kostol sv. Alžbety. Vpravo sú budovy mesta

Podrobná bibliografia
Médium: Pohľadnica
Jazyk:slovenčina
Fyzický popis:1 pohľadnica kolorovaná 9 x 14 cm
Vydavateľské údaje: Zvolen Zvolen a Vidiek [1924?]
Predmet:

MARC

LEADER 00000nkm a2200000 a 4500
001 vtls011974046
003 SK-MaSNL
005 20260512122522.0
007 kp ho
008 231120q1924 xo g kuslo
015 |a SNBG1924 
035 |a urn:nbn:sk:snk-km00eipp 
035 |a urn:nbn:sk:snk-km45wre 
035 |a 6E48FF73-5115-4CF1-B99F-197413F6F6AB 
040 |a SNK  |b slo  |c SNK  |e AACR2 
041 0 |a slo 
043 |a e-xo--- 
044 |a xo  |c SK 
072 7 |a 913  |x Regionálna geografia  |2 konspekt 
080 |a 913(437.6)  |2 2011 
080 |a 726:27-523.42  |2 2011 
080 |a (084.121)  |2 2011 
080 |a 711.61  |2 2011 
080 |a 27‑523.42:274.5(439.22)  |2 2011 
245 0 0 |a Zvolen  |h grafika  |b celkový pohled 
260 |a Zvolen  |b Zvolen a Vidiek  |c [1924?] 
300 |a 1 pohľadnica  |b kolorovaná  |c 9 x 14 cm 
500 |a Názvové údaje prevzaté z obrazovej časti pohľadnice 
520 8 |a Zobrazenie: Pohľad na mesto ponad strechy budov. Vľavo v pozadí vidno námestie, stredom ktorého vedie rad listnatých stromov. Vľavo v pozadí medzi budovami vidno Evanjelický kostol sv. Trojice. Za ním je vidno Kostol sv. Alžbety. Vpravo sú budovy mesta 
610 2 7 |a Evanjelický kostol sv. Trojice (Zvolen, Slovensko)  |2 SNKKA  |9 198525 
610 2 7 |a Kostol sv. Alžbety (Zvolen, Slovensko)  |2 SNKKA  |9 198523 
650 0 7 |a kostoly  |2 SNKPH  |9 3023 
650 0 7 |a námestia  |2 SNKPH  |9 26291 
650 0 7 |a evanjelické kostoly  |2 SNKPH  |9 86148 
651 7 |a Zvolen (Slovensko)  |2 SNKPHgeo  |9 14595 
655 7 |a miestne pohľadnice  |2 SNKPH  |9 70510 
852 |a Slovenská národná knižnica 
954 |a pohľadnice pôvodné (slovenské)  |2 lita 
958 |a GC 
958 |a GBN 
958 |a OND 
958 |a EUIPO 
999 |c 608125  |d 610055 
952 |a SNK  |b SNK  |y PREZ  |7 0  |p 17A1411038  |o snkSP 131400  |0 0  |1 0  |4 0  |d 2020-06-15  |f 1  |l 0  |r 2026-02-23 16:14:42  |w 2026-02-23